00530nam a2200157Ia 45000010006000000050017000060080041000230410008000640820016000721000039000882450192001272600009003193000028003286500008003566540008003642031720260306172757.0260306t2013||||xx |||||||||||||| ||spa|| aESP a343.11bH87 aHuerta Guerrero, Luis AlbertoeAUT 0aSentencias del poder judicial frente a normas ilegales e inconstitucionales:bresoluciones de acción popular de observancia obligatoria para la administración pública y los abogados c2013 a398 páginas :c24 cm. aGEN aCDE